000 00728nam a2200289Ia 4500
001 4972
003 IT-RoPAU
008 130308s9999 xx 000 0 und d
040 _aIT-RoPAU
040 _cIT-RoPAU
041 _aITALIANO
100 _aL'Herbier Marcel
100 _gCodice Aut. SPICS: 4640
245 _aFilm al secondo grado
245 _bBelle Arti e Il Film (Le)
250 _a1a ed.
260 _aROMA
260 _bBianco E Nero
260 _c1950 [1° Ed.:1950 - Ed.Ling.Originale:1950]
300 _a"2 p. (prefazione: no ; testo: 2 [pagine: 34-35])"
650 _aSAGGI SUL CINEMA
650 _eCodice materia Spics: 6811
942 _cBK
957 _71
999 _c55304
_d55304
999 _bSI
999 _g1